Fire Emblem Jugdral Trivia - Statistics

General Stats
  • This quiz has been taken 152 times
  • The average score is 9 of 17
Answer Stats
Hint Answer % Correct
Which two playable characters can wield every normal weapon in the game Leaf
85%
Lachesis
71%
Which playable character from both games gets zombified as a darklord if the player doesn't save them Brigid
69%
Which was the only country to avoid being conquered by Grandbell Thracia
64%
After Emperor Alvis was killed, who was the only person with major royal Velthomer blood still alive Cyas
63%
Who is in charge of the defenses of Thracia and known as its wall Hannibal
63%
If Fury doesn't have any kids, who leads the Magi group Hawk
63%
During the Barharra Massacre, who did Levin duel with Manfloy
63%
Who is the first person to make Finn cry in 15 years Altenna
54%
Where did Lachesis probably get killed Yied Desert
54%
Who assassinated Prince Kurth Langbart
46%
What is the name of Alvis and Azel's father Victor
46%
Which holy weapon did the Lopt Cult steal Balmung
44%
Which orphanage did Celice and other children hide out in for most of their childhood Tilnanogue
44%
Which holy crusader started a church Blagi
37%
Which city was massacred starting the Grandbell Isaac war Darna
35%
Who did the Lenster Nobles botch an assassination attempt on forcing Prince Leaf to flee Grandbell Blume
18%
No matching quizzes found
Score Distribution
Percent of People with Each Score
Percentile by Number Answered
Your Score History
You have not taken this quiz